Radiohead Lyrics - No Hints #4 - Statistics

General Stats
  • This quiz has been taken 118 times
  • The average score is 53 of 112
Answer Stats
Answer % Correct
a
91%
you
90%
the
73%
and
66%
is
56%
no
54%
they
51%
that
49%
dont
47%
for
46%
so
46%
of
44%
surprises
44%
my
43%
alarms
40%
us
40%
ill
39%
kills
39%
look
39%
slowly
39%
down
37%
job
37%
wont
37%
carbon
36%
life
36%
monoxide
36%
please
36%
take
36%
with
36%
bring
34%
heal
34%
quiet
34%
this
34%
tired
34%
unhappy
34%
full
33%
speak
33%
up
33%
bruises
31%
final
31%
government
31%
heart
31%
handshake
30%
house
30%
landfill
30%
like
30%
such
29%
bellyache
27%
pretty
27%
thats
27%
garden
26%
fit
24%
silent
23%
No matching quizzes found
Score Distribution
Percent of People with Each Score
Percentile by Number Answered
Your Score History
You have not taken this quiz